[Event "Muensterland Verbandsklasse Gr2 2223"]
[Site "Germany"]
[Date "2023.01.28"]
[Round "4.3"]
[White "Schwietering, Ralf"]
[Black "Schaefertoens, Robert"]
[Result "1/2-1/2"]
[WhiteElo "1799"]
[BlackElo "1760"]
[PlyCount "103"]
[EventDate "2022.09.17"]
[EventType "team-tourn"]
[EventRounds "5"]
[EventCountry "GER"]
[SourceTitle "EXT 2024"]
[Source "ChessBase"]
[SourceDate "2023.10.10"]
[SourceVersion "1"]
[SourceVersionDate "2023.10.10"]
[SourceQuality "1"]
[WhiteTeam "Ochtrup"]
[BlackTeam "Greven"]
[WhiteTeamCountry "GER"]
[BlackTeamCountry "GER"]

1. e4 e6 2. d4 d5 3. e5 c5 4. f4 cxd4 5. Qxd4 Nc6 6. Qd1 Bd7 7. Nf3 h6 8. c4 dxc4 9. Bxc4 Qb6 10. Nc3 Rd8 11. Qb3 Qxb3 12. Bxb3 Na5 13. Bc2 Bc6 14. 0-0 Bc5+ 15. Kh1 Ne7 16. Ne4 Bxe4 17. Bxe4 Nac6 18. b3 0-0 19. Bb2 Rd7 20. Rac1 Be3 21. Rcd1 Rxd1 22. Rxd1 Bxf4 23. Ba3 Re8 24. Rd7 Nd5 25. Rxb7 Nxe5 26. Bd6 Nxf3 27. Bxf4 Nxf4 28. Bxf3 e5 29. Be4 g6 30. g3 f5 31. Bxf5 gxf5 32. gxf4 exf4 33. Rxa7 f3 34. Kg1 Re2 35. h3 Rg2+ 36. Kf1 Rg3 37. h4 Rg2 38. Ra5 Rh2 39. a4 Rb2 40. Rb5 Kg7 41. a5 Kg6 42. b4 Kh5 43. a6 Kg4 44. Rb6 Kg3 45. Rg6+ Kf4 46. a7 Ra2 47. Rg7 Ra1+ 48. Kf2 Ra2+ 49. Kg1 Ra1+ 50. Kh2 Ra2+ 51. Kh3 Ra1 52. Kh2 1/2-1/2

[Event "Muensterland Verbandsklasse Gr2 2223"]
[Site "Germany"]
[Date "2022.10.29"]
[Round "2.3"]
[White "Schwietering, Ralf"]
[Black "Lachmuth, Mathias"]
[Result "1-0"]
[WhiteElo "1799"]
[BlackElo "1652"]
[PlyCount "107"]
[EventDate "2022.09.17"]
[EventType "team-tourn"]
[EventRounds "5"]
[EventCountry "GER"]
[SourceTitle "EXT 2024"]
[Source "ChessBase"]
[SourceDate "2023.10.10"]
[SourceVersion "1"]
[SourceVersionDate "2023.10.10"]
[SourceQuality "1"]
[WhiteTeam "Ochtrup"]
[BlackTeam "Reckenfeld"]
[WhiteTeamCountry "GER"]
[BlackTeamCountry "GER"]

1. e4 a6 2. d4 b5 3. c4 bxc4 4. Bxc4 e6 5. d5 d6 6. Nc3 e5 7. Nge2 Nd7 8. Be3 Ngf6 9. f3 Be7 10. 0-0 0-0 11. Rc1 h6 12. Na4 Nh5 13. Bd3 Nb6 14. Qc2 Bg5 15. f4 exf4 16. Nxb6 cxb6 17. Nxf4 Bxf4 18. Bxf4 Nxf4 19. Rxf4 Ra7 20. Qf2 Rc7 21. Rc2 Rxc2 22. Qxc2 b5 23. Qc6 Qe7 24. Rf2 Bb7 25. Qb6 Rc8 26. Rc2 Rxc2 27. Bxc2 g6 28. Qd4 Qg5 29. Bd3 Qd2 30. h3 Bc8 31. Qc3 Qxc3 32. bxc3 Kg7 33. Kf2 Kf6 34. Ke3 Ke5 35. g4 Bb7 36. a3 f5 37. exf5 gxf5 38. Bxf5 Bxd5 39. Bc8 a5 40. Bd7 Bc4 41. h4 Bf1 42. g5 hxg5 43. hxg5 Bc4 44. Kf3 Bf1 45. Ke3 Bc4 46. g6 Kf6 47. Be8 Ke7 48. Bc6 Kf6 49. Be4 Ke5 50. Bd3 Be6 51. Bxb5 Kf6 52. Bd3 Bd5 53. Kd4 Be6 54. Bc4 1-0

[Event "Muensterland Verbandsklasse 2122"]
[Site "Germany"]
[Date "2021.11.06"]
[Round "2.2"]
[White "Schwietering, Ralf"]
[Black "Baer, Klaus"]
[Result "1/2-1/2"]
[WhiteElo "1804"]
[BlackElo "1672"]
[PlyCount "42"]
[EventDate "2021.09.25"]
[EventType "team-tourn"]
[EventRounds "2"]
[EventCountry "GER"]
[SourceTitle "EXT 2023"]
[Source "ChessBase"]
[SourceDate "2022.10.05"]
[SourceVersion "1"]
[SourceVersionDate "2022.10.05"]
[SourceQuality "1"]
[WhiteTeam "Ochtrup"]
[BlackTeam "Gronau II"]
[WhiteTeamCountry "GER"]
[BlackTeamCountry "GER"]

1. e4 c5 2. Nf3 d6 3. c4 Nc6 4. d4 cxd4 5. Nxd4 Nf6 6. Nc3 Bd7 7. Be2 g6 8. 0-0 Bg7 9. Be3 0-0 10. f3 Nxd4 11. Bxd4 Bc6 12. Qd2 Qc7 13. Nd5 Bxd5 14. cxd5 a6 15. Rac1 Qd7 16. Rfd1 Rac8 17. b3 Rxc1 18. Rxc1 Rc8 19. Rc4 Rxc4 20. bxc4 Qc7 21. Qb4 Nd7 1/2-1/2

[Event "Muensterland Verbandsklasse 1516"]
[Site "Germany"]
[Date "2016.04.30"]
[Round "8.2"]
[White "Ratert, Matthias"]
[Black "Schwietering, Ralf"]
[Result "1-0"]
[WhiteElo "1828"]
[BlackElo "1878"]
[PlyCount "101"]
[EventDate "2015.09.19"]
[EventType "team"]
[EventRounds "9"]
[EventCountry "GER"]
[SourceTitle "EXT 2017"]
[Source "ChessBase"]
[SourceDate "2016.10.25"]
[SourceVersion "1"]
[SourceVersionDate "2016.10.25"]
[SourceQuality "1"]
[WhiteTeam "Rheine Klein Berlin II"]
[BlackTeam "Ochtrup"]
[WhiteTeamCountry "GER"]
[BlackTeamCountry "GER"]

1. e4 c5 2. c3 d5 3. exd5 Qxd5 4. d4 e5 5. Nf3 cxd4 6. cxd4 Bb4+ 7. Bd2 Bxd2+ 8. Nbxd2 exd4 9. Bc4 Qd6 10. 0-0 Nc6 11. Ne4 Qf4 12. Nxd4 Bg4 13. Qa4 Nge7 14. Nxc6 Bd7 15. Qb4 Bxc6 16. Nd6+ Kf8 17. Rae1 Bxg2 18. Nc8 Qg5 19. Qxe7+ Qxe7 20. Rxe7 Rxc8 21. Rxf7+ Ke8 22. Re1+ Kd8 23. Be6 Bc6 24. Bxc8 Kxc8 25. Ree7 Rd8 26. f3 Kb8 27. Kf2 a6 28. Rxg7 Rd2+ 29. Re2 Rd3 30. Rg3 Bb5 31. Rc2 Rd1 32. Ke3 Rd3+ 33. Ke4 Rd7 34. Rf2 Re7+ 35. Kd4 Rd7+ 36. Ke5 Bc4 37. b3 Bb5 38. f4 Bc6 39. f5 Rd5+ 40. Ke6 Rd1 41. Rg8+ Kc7 42. Rg7+ Bd7+ 43. Ke7 Rd6 44. Rc2+ Bc6 45. f6 Rd3 46. Ke6+ Kb8 47. Rf2 Re3+ 48. Kd6 Rd3+ 49. Kc5 Rd5+ 50. Kb4 a5+ 51. Ka3 1-0

[Event "Muensterland Verbandsklasse 1516"]
[Site "Germany"]
[Date "2016.02.20"]
[Round "6.2"]
[White "Te Sligte, Bert"]
[Black "Schwietering, Ralf"]
[Result "1/2-1/2"]
[WhiteElo "1839"]
[BlackElo "1878"]
[PlyCount "168"]
[EventDate "2015.09.19"]
[EventType "team"]
[EventRounds "9"]
[EventCountry "GER"]
[SourceTitle "EXT 2017"]
[Source "ChessBase"]
[SourceDate "2016.10.25"]
[SourceVersion "1"]
[SourceVersionDate "2016.10.25"]
[SourceQuality "1"]
[WhiteTeam "Stadtlohn"]
[BlackTeam "Ochtrup"]
[WhiteTeamCountry "GER"]
[BlackTeamCountry "GER"]

1. e4 c5 2. Nf3 Nc6 3. d4 cxd4 4. Nxd4 Nf6 5. Nc3 d6 6. Be2 g6 7. 0-0 Bg7 8. Be3 0-0 9. Kh1 Bd7 10. f3 a6 11. Qd2 Rc8 12. Rfd1 Re8 13. Nxc6 Bxc6 14. Bd4 Qa5 15. Nd5 Qxd2 16. Nxf6+ Bxf6 17. Rxd2 Bg5 18. Rdd1 Ba4 19. b3 Bd7 20. c4 b5 21. Rab1 Rc7 22. g3 Rec8 23. f4 Bh6 24. e5 Bc6+ 25. Kg1 Be4 26. Rbc1 bxc4 27. exd6 exd6 28. Rxc4 Rxc4 29. bxc4 Bf8 30. Rd2 Rc6 31. Rb2 d5 32. Rb6 dxc4 33. Rxc6 Bxc6 34. Bxc4 Bb5 35. Bxb5 axb5 36. Kf2 f5 37. Kf3 Kf7 38. g4 Ke6 39. gxf5+ gxf5 40. Be5 Be7 41. Ke3 Kd5 42. Kd3 Bd8 43. Bb8 Bf6 44. Ba7 Bb2 45. Be3 Ba3 46. Bd2 Bc5 47. Bc1 Bg1 48. h3 Kc5 49. Ba3+ Kd5 50. Bc1 Bd4 51. Ba3 Bf6 52. Bc1 Bg7 53. Ba3 Bh6 54. Bc1 Kc5 55. Ba3+ b4 56. Bc1 Bg7 57. Be3+ Kb5 58. Bd4 Bf8 59. Be3 Bc5 60. Bd2 Bf2 61. Ke2 Bh4 62. Kd3 Bf6 63. Be1 Bg7 64. Bd2 Bb2 65. Kc2 Bd4 66. Kb3 Bc5 67. Bc1 Be7 68. Bd2 Bd6 69. Be3 Bf8 70. Bd2 Bh6 71. Be3 Bf8 72. Bd2 Bc5 73. Bc1 Bf2 74. Bd2 Bg3 75. Bc1 Be1 76. Be3 Bc3 77. a3 Be1 78. a4+ Ka5 79. Bc5 Bc3 80. Bd6 Bd2 81. Bc7+ Ka6 82. Kc4 Be1 83. Bd6 Ka5 84. Kb3 Bd2 1/2-1/2

[Event "Muensterland Verbandsklasse 1415"]
[Site "Germany"]
[Date "2015.02.28"]
[Round "7.2"]
[White "Da Costa Campos, Andre"]
[Black "Schwietering, Ralf"]
[Result "1-0"]
[WhiteElo "1948"]
[BlackElo "1865"]
[PlyCount "35"]
[EventDate "2014.09.13"]
[EventType "team-tourn"]
[EventRounds "9"]
[EventCountry "GER"]
[SourceTitle "EXT 2016"]
[Source "ChessBase"]
[SourceDate "2015.10.08"]
[SourceVersion "1"]
[SourceVersionDate "2015.10.08"]
[SourceQuality "1"]
[WhiteTeam "Nienberge II"]
[BlackTeam "Ochtrup"]
[WhiteTeamCountry "GER"]
[BlackTeamCountry "GER"]

1. e4 c5 2. Nf3 Nc6 3. d4 cxd4 4. Nxd4 Nf6 5. Nc3 g6 6. Be3 d6 7. f3 Bg7 8. Qd2 0-0 9. 0-0-0 Re8 10. g4 Bd7 11. h4 Rc8 12. h5 Bxg4 13. fxg4 Nxg4 14. Nb3 a5 15. hxg6 fxg6 16. Bh3 Nb4 17. Bxg4 Rxc3 18. Be6+ 1-0

[Event "Muensterland Verbandsklasse 1415"]
[Site "Germany"]
[Date "2015.01.10"]
[Round "5.2"]
[White "Sparwel, Oliver"]
[Black "Schwietering, Ralf"]
[Result "1-0"]
[WhiteElo "1996"]
[BlackElo "1865"]
[PlyCount "41"]
[EventDate "2014.09.13"]
[EventType "team-tourn"]
[EventRounds "9"]
[EventCountry "GER"]
[SourceTitle "EXT 2016"]
[Source "ChessBase"]
[SourceDate "2015.10.08"]
[SourceVersion "1"]
[SourceVersionDate "2015.10.08"]
[SourceQuality "1"]
[WhiteTeam "Suedlohn II"]
[BlackTeam "Ochtrup"]
[WhiteTeamCountry "GER"]
[BlackTeamCountry "GER"]

1. d4 d5 2. e3 Nf6 3. Nf3 e6 4. Bd3 c5 5. c3 Nc6 6. 0-0 Bd6 7. dxc5 Bxc5 8. b4 Bd6 9. Nbd2 0-0 10. Bb2 Bd7 11. a3 Ng4 12. c4 Nce5 13. Be2 dxc4 14. h3 c3 15. Bxc3 Nxf3+ 16. Nxf3 Nxf2 17. Qxd6 Ne4 18. Qd4 Nxc3 19. Qxc3 Rc8 20. Qd4 a6 21. Rfd1 1-0

[Event "Muensterland Verbandsklasse 1415"]
[Site "Germany"]
[Date "2014.12.06"]
[Round "4.2"]
[White "Schwietering, Ralf"]
[Black "Priebs, Ludger"]
[Result "1-0"]
[WhiteElo "1865"]
[BlackElo "1782"]
[PlyCount "97"]
[EventDate "2014.09.13"]
[EventType "team-tourn"]
[EventRounds "9"]
[EventCountry "GER"]
[SourceTitle "EXT 2016"]
[Source "ChessBase"]
[SourceDate "2015.10.08"]
[SourceVersion "1"]
[SourceVersionDate "2015.10.08"]
[SourceQuality "1"]
[WhiteTeam "Ochtrup"]
[BlackTeam "Gescher"]
[WhiteTeamCountry "GER"]
[BlackTeamCountry "GER"]

1. e4 c5 2. f4 e6 3. Nf3 d5 4. e5 Nc6 5. d3 Be7 6. Be3 Nh6 7. Be2 Qb6 8. Qc1 Ng4 9. Bd2 h5 10. c4 Bd7 11. h3 Nh6 12. cxd5 exd5 13. Nc3 Be6 14. b3 Qd8 15. 0-0 Nf5 16. Kh2 Rc8 17. Be1 h4 18. Bf2 Ncd4 19. Bd1 Qd7 20. Qd2 Ng3 21. Re1 Ndf5 22. b4 a6 23. bxc5 d4 24. Ba4 Rc6 25. Bxc6 Qxc6 26. Bxd4 Bxc5 27. Bxc5 Qxc5 28. Ng5 0-0 29. Nxe6 fxe6 30. Ne4 Nxe4 31. dxe4 Ng3 32. Rac1 Qb5 33. Rb1 Qc4 34. Qf2 g5 35. Rbc1 Qb5 36. Rc5 Qd3 37. Qc2 Nf1+ 38. Kg1 Qd4+ 39. Kh1 Ng3+ 40. Kh2 Rxf4 41. Rc8+ Kg7 42. Qc7+ Rf7 43. Qd8 Nf1+ 44. Rxf1 Qxe5+ 45. Kg1 Rxf1+ 46. Kxf1 Qf4+ 47. Ke1 Qxe4+ 48. Kd1 Qxg2 49. Qe7+ 1-0

[Event "Muensterland Verbandsliga 1213"]
[Site "Germany"]
[Date "2013.03.09"]
[Round "7.5"]
[White "Berning, Thomas"]
[Black "Schwietering, Ralf"]
[Result "1-0"]
[WhiteElo "1778"]
[BlackElo "1826"]
[PlyCount "43"]
[EventDate "2012.09.22"]
[EventType "team-tourn"]
[EventRounds "9"]
[EventCountry "GER"]
[SourceTitle "EXT 2015"]
[Source "ChessBase"]
[SourceDate "2014.11.20"]
[SourceVersion "1"]
[SourceVersionDate "2014.11.20"]
[SourceQuality "1"]
[WhiteTeam "Ostbevern Westbevern"]
[BlackTeam "Ochtrup"]
[WhiteTeamCountry "GER"]
[BlackTeamCountry "GER"]

1. e4 c5 2. Nf3 Nc6 3. d4 cxd4 4. Nxd4 Nf6 5. Nc3 g6 6. Be3 d6 7. f3 Bg7 8. Qd2 Bd7 9. 0-0-0 0-0 10. g4 Rc8 11. h4 Ne5 12. h5 Nxf3 13. Nxf3 Nxg4 14. hxg6 Rxc3 15. bxc3 Qa5 16. gxf7+ Rxf7 17. Bc4 Bxc3 18. Bxf7+ Kf8 19. Bh6+ Nxh6 20. Qxh6+ Bg7 21. Qe3 Bc3 22. Rd3 1-0

[Event "Muensterland Verbandsliga 1213"]
[Site "Germany"]
[Date "2013.01.12"]
[Round "5.5"]
[White "Langendijk, Andre"]
[Black "Schwietering, Ralf"]
[Result "0-1"]
[WhiteElo "1885"]
[BlackElo "1826"]
[PlyCount "76"]
[EventDate "2012.09.22"]
[EventType "team-tourn"]
[EventRounds "9"]
[EventCountry "GER"]
[SourceTitle "EXT 2015"]
[Source "ChessBase"]
[SourceDate "2014.11.20"]
[SourceVersion "1"]
[SourceVersionDate "2014.11.20"]
[SourceQuality "1"]
[WhiteTeam "Gronau"]
[BlackTeam "Ochtrup"]
[WhiteTeamCountry "GER"]
[BlackTeamCountry "GER"]

1. d4 Nf6 2. Bg5 g6 3. Bxf6 exf6 4. e3 Bg7 5. c4 0-0 6. Ne2 f5 7. Nbc3 d6 8. g3 b6 9. Bg2 c6 10. 0-0 Bb7 11. b4 Qc8 12. Qb3 Nd7 13. a4 Rb8 14. a5 b5 15. cxb5 cxb5 16. Rac1 Bxg2 17. Kxg2 Qb7+ 18. Qd5 Qa6 19. Nf4 Rfc8 20. Qb3 Rc4 21. Kg1 Rbc8 22. Nd3 Qc6 23. Na2 Nf6 24. Qb1 Ne4 25. Rxc4 bxc4 26. Rc1 Nd2 27. Qb2 Nf3+ 28. Kf1 Nxh2+ 29. Kg1 Nf3+ 30. Kf1 Nxd4 31. exd4 Qh1+ 32. Ke2 Qe4+ 33. Kf1 Qxd3+ 34. Qe2 Qxe2+ 35. Kxe2 Bxd4 36. b5 Bb2 37. Rc2 c3 38. Kd3 Rc5 0-1

[Event "Muensterland Verbandsliga 1213"]
[Site "Germany"]
[Date "2012.12.22"]
[Round "4.6"]
[White "Boelker, Franz"]
[Black "Schwietering, Ralf"]
[Result "0-1"]
[WhiteElo "1798"]
[BlackElo "1826"]
[PlyCount "110"]
[EventDate "2012.09.22"]
[EventType "team-tourn"]
[EventRounds "9"]
[EventCountry "GER"]
[SourceTitle "EXT 2015"]
[Source "ChessBase"]
[SourceDate "2014.11.20"]
[SourceVersion "1"]
[SourceVersionDate "2014.11.20"]
[SourceQuality "1"]
[WhiteTeam "Raesfeld Erle"]
[BlackTeam "Ochtrup"]
[WhiteTeamCountry "GER"]
[BlackTeamCountry "GER"]

1. d4 d5 2. c4 Nf6 3. cxd5 Qxd5 4. Nc3 Qd8 5. e4 e6 6. Bg5 h6 7. Bh4 Be7 8. Bxf6 Bxf6 9. e5 Be7 10. Nf3 b6 11. Bd3 Bb7 12. 0-0 0-0 13. Rc1 c5 14. dxc5 Bxc5 15. Ne4 Nd7 16. Qe2 Rc8 17. Ba6 Bxa6 18. Qxa6 Rc7 19. Rcd1 Qe7 20. a3 Nb8 21. Qa4 a5 22. Nd6 Rd8 23. b4 axb4 24. axb4 Bxd6 25. exd6 Rxd6 26. Rxd6 Qxd6 27. Rd1 Qc6 28. Qa1 Nd7 29. h3 Nf6 30. Ne5 Qe4 31. b5 Nd5 32. Nc6 Qe2 33. Rb1 Qc4 34. Qa6 Rxc6 35. Qa8+ Rc8 36. Qb7 Rc7 37. Qa8+ Kh7 38. Qb8 Qc2 39. Rf1 Qd3 40. Qe8 Nc3 41. Qb8 Nd5 42. Qe8 Nc3 43. Qb8 Qd6 44. Qe8 Qd7 45. Qa8 Qxb5 46. Qf3 Nd5 47. Qe4+ g6 48. Qe5 Qc6 49. h4 Qc3 50. Qe4 Qc4 51. Qe5 Qxh4 52. Rd1 Qc4 53. Rd4 Qc3 54. Qe4 b5 55. Rd3 Qc1+ 0-1

[Event "Muensterland Verbandsliga 1213"]
[Site "Germany"]
[Date "2012.10.27"]
[Round "2.4"]
[White "Simons, Dirk"]
[Black "Schwietering, Ralf"]
[Result "0-1"]
[WhiteElo "1876"]
[BlackElo "1826"]
[PlyCount "76"]
[EventDate "2012.09.22"]
[EventType "team-tourn"]
[EventRounds "9"]
[EventCountry "GER"]
[SourceTitle "EXT 2015"]
[Source "ChessBase"]
[SourceDate "2014.11.20"]
[SourceVersion "1"]
[SourceVersionDate "2014.11.20"]
[SourceQuality "1"]
[WhiteTeam "Muenster SK III"]
[BlackTeam "Ochtrup"]
[WhiteTeamCountry "GER"]
[BlackTeamCountry "GER"]

1. e4 c5 2. Nf3 Nc6 3. c3 d6 4. d4 cxd4 5. cxd4 Bg4 6. Bc4 Nf6 7. Qb3 d5 8. exd5 Na5 9. Bb5+ Bd7 10. Qa4 b6 11. Nc3 a6 12. Bxd7+ Qxd7 13. Qxd7+ Nxd7 14. Bf4 Nc4 15. b3 Nd6 16. 0-0 f6 17. Rfe1 Kf7 18. Bxd6 exd6 19. Re6 Rd8 20. Ne4 Nb8 21. Nh4 Nc6 22. Nf5 Nb4 23. Nfxd6+ Kg6 24. f4 Bxd6 25. Nxd6 Rd7 26. Nc4 Nxd5 27. Nxb6 Nxf4 28. Nxd7 Nxe6 29. Nc5 Nxd4 30. Nxa6 Ra8 31. Nc5 Nc2 32. Rb1 Rxa2 33. b4 Na3 34. Rb3 Nb5 35. h3 Kf7 36. Kh2 Ke7 37. Rd3 Ra7 38. Kg3 Ra3 0-1

[Event "Kiel op 25th"]
[Site "Kiel"]
[Date "2012.07.29"]
[Round "3"]
[White "Schwietering, Ralf"]
[Black "Christiansen, Johan Sebastian"]
[Result "0-1"]
[WhiteElo "1914"]
[BlackElo "2043"]
[PlyCount "64"]
[EventDate "2012.07.28"]
[EventType "swiss"]
[EventRounds "9"]
[EventCountry "GER"]
[SourceTitle "EXT 2015"]
[Source "ChessBase"]
[SourceDate "2014.11.20"]
[SourceVersion "1"]
[SourceVersionDate "2014.11.20"]
[SourceQuality "1"]

1. e4 e5 2. Nf3 Nc6 3. Bc4 Nf6 4. Ng5 d5 5. exd5 Na5 6. Bb5+ c6 7. dxc6 bxc6 8. Be2 h6 9. Nh3 Bc5 10. d3 0-0 11. Nc3 Rb8 12. 0-0 Rb4 13. Kh1 Bxh3 14. gxh3 Rh4 15. Bg4 Nxg4 16. hxg4 f5 17. Be3 f4 18. Ne4 f3 19. Bg5 hxg5 20. Rg1 Be7 21. Rg3 Rf4 22. h3 Qd7 23. Kg1 Nb7 24. Rxf3 Nc5 25. Nxc5 Bxc5 26. Rxf4 gxf4 27. Qf3 Bb6 28. Re1 Qd4 29. c3 Rxh3 30. Kg2 Rxf3 31. cxd4 Rxd3 32. dxe5 Rd2 0-1

[Event "Muensterland Verbandsliga 1112"]
[Site "Germany"]
[Date "2012.05.19"]
[Round "9.6"]
[White "Schroeter, Manfred"]
[Black "Schwietering, Ralf"]
[Result "0-1"]
[WhiteElo "1927"]
[BlackElo "1820"]
[PlyCount "100"]
[EventDate "2011.09.24"]
[EventType "team-tourn"]
[EventRounds "9"]
[EventCountry "GER"]
[SourceTitle "EXT 2013"]
[Source "ChessBase"]
[SourceDate "2012.11.22"]
[SourceVersion "1"]
[SourceVersionDate "2012.11.22"]
[SourceQuality "1"]
[WhiteTeam "Saerbeck"]
[BlackTeam "Ochtrup"]
[WhiteTeamCountry "GER"]
[BlackTeamCountry "GER"]

1. e4 c5 2. d4 cxd4 3. c3 dxc3 4. Nxc3 d6 5. Bc4 Nc6 6. Nf3 Bd7 7. 0-0 Nf6 8. h3 e6 9. Qe2 a6 10. Rd1 Na5 11. Bd3 b5 12. e5 dxe5 13. Nxe5 Qc8 14. Bg5 Ra7 15. Rac1 Nc6 16. Bxf6 gxf6 17. Nxd7 Rxd7 18. Nxb5 axb5 19. Bxb5 Rc7 20. Rxc6 Rxc6 21. Qc4 Be7 22. Bxc6+ Kf8 23. Rd3 Rg8 24. Rc3 Qd8 25. Qd3 Qb8 26. Qxh7 Qxb2 27. Qc2 Qb4 28. Qb3 Qd6 29. Bf3 Kg7 30. Rd3 Qe5 31. Qc3 Qb8 32. Rd7 Rc8 33. Qb3 Bd6 34. g3 Rc1+ 35. Kg2 Qxb3 36. axb3 Bc5 37. Rd2 Rb1 38. Bd1 Bb4 39. Rd3 Rb2 40. Rf3 e5 41. g4 Rd2 42. Re3 Rxd1 43. g5 fxg5 44. Rxe5 f6 45. Re4 Bc3 46. f4 gxf4 47. Rxf4 Rb1 48. Kf3 Rxb3 49. Rc4 Ba5+ 50. Kg4 Rb4 0-1

[Event "Muensterland Verbandsliga 1112"]
[Site "Germany"]
[Date "2012.02.25"]
[Round "7.6"]
[White "Schwietering, Ralf"]
[Black "Stepa, Rainer"]
[Result "1-0"]
[WhiteElo "1820"]
[BlackElo "1870"]
[PlyCount "31"]
[EventDate "2011.09.24"]
[EventType "team-tourn"]
[EventRounds "9"]
[EventCountry "GER"]
[SourceTitle "EXT 2013"]
[Source "ChessBase"]
[SourceDate "2012.11.22"]
[SourceVersion "1"]
[SourceVersionDate "2012.11.22"]
[SourceQuality "1"]
[WhiteTeam "Ochtrup"]
[BlackTeam "Ostbevern Westbevern"]
[WhiteTeamCountry "GER"]
[BlackTeamCountry "GER"]

1. e4 Nf6 2. e5 Ng8 3. d4 d6 4. f4 dxe5 5. fxe5 e6 6. Bc4 c5 7. Nf3 cxd4 8. Qxd4 Bd7 9. 0-0 Qc7 10. Kh1 h6 11. Qf4 g5 12. Nxg5 hxg5 13. Qxf7+ Kd8 14. Qxf8+ Be8 15. Bxg5+ Ne7 16. Rd1+ 1-0

[Event "Muensterland Verbandsliga 1011"]
[Site "Germany"]
[Date "2011.05.14"]
[Round "9.7"]
[White "Raus, Michael"]
[Black "Schwietering, Ralf"]
[Result "0-1"]
[WhiteElo "1760"]
[BlackElo "1740"]
[PlyCount "48"]
[EventDate "2010.09.25"]
[EventType "team-tourn"]
[EventRounds "9"]
[EventCountry "GER"]
[SourceTitle "EXT 2012"]
[Source "ChessBase"]
[SourceDate "2011.11.24"]
[SourceVersion "1"]
[SourceVersionDate "2011.11.24"]
[SourceQuality "1"]
[WhiteTeam "Steinfurt"]
[BlackTeam "Ochtrup"]
[WhiteTeamCountry "GER"]
[BlackTeamCountry "GER"]

1. e4 c5 2. Nc3 g6 3. d3 e6 4. f4 d5 5. Nf3 Nc6 6. g3 Bg7 7. Bg2 Nge7 8. 0-0 0-0 9. Qe2 b6 10. Bd2 Bb7 11. a3 Qc8 12. Rac1 dxe4 13. dxe4 Ba6 14. Qe1 Bxf1 15. Qxf1 Rd8 16. Nd1 Nd4 17. Be3 Nxf3+ 18. Qxf3 Bd4 19. Bxd4 Rxd4 20. f5 exf5 21. exf5 Rb8 22. f6 Nf5 23. Nc3 Qe6 24. Nd5 Rxd5 0-1

[Event "Muensterland Verbandsliga 1011"]
[Site "Germany"]
[Date "2010.11.27"]
[Round "3.6"]
[White "Becker, Daniel"]
[Black "Schwietering, Ralf"]
[Result "0-1"]
[WhiteElo "1904"]
[BlackElo "1740"]
[PlyCount "80"]
[EventDate "2010.09.25"]
[EventType "team-tourn"]
[EventRounds "9"]
[EventCountry "GER"]
[SourceTitle "EXT 2012"]
[Source "ChessBase"]
[SourceDate "2011.11.24"]
[SourceVersion "1"]
[SourceVersionDate "2011.11.24"]
[SourceQuality "1"]
[WhiteTeam "Nienberge"]
[BlackTeam "Ochtrup"]
[WhiteTeamCountry "GER"]
[BlackTeamCountry "GER"]

1. e4 c5 2. Nc3 d6 3. g3 g6 4. Bg2 Bg7 5. d3 Nc6 6. f4 Nf6 7. Nf3 Bg4 8. h3 Bd7 9. Be3 0-0 10. 0-0 b6 11. g4 e6 12. g5 Ne8 13. Nh4 Nc7 14. f5 Bd4 15. Qe1 Qxg5 16. Nd1 exf5 17. Nf3 Bxe3+ 18. Nxe3 Qh5 19. exf5 Bxf5 20. Nxf5 gxf5 21. Nh4 Rae8 22. Qg3+ Kh8 23. Nxf5 Rg8 24. Qxd6 Re6 25. Qxc7 Qxh3 26. Qh2 Rxg2+ 27. Qxg2 Rg6 28. Qxg6 fxg6 29. Rae1 gxf5 30. Re8+ Kg7 31. Rc8 Qg3+ 32. Kh1 Qh3+ 33. Kg1 Qg3+ 34. Kh1 Qd6 35. Rg1+ Kf7 36. Rgg8 Ne7 37. Rcf8+ Ke6 38. Re8 Qd5+ 39. Kh2 Qe5+ 40. Kg1 Qxb2 0-1

[Event "Muensterland Verbandsklasse-B 0910"]
[Site "Germany"]
[Date "2010.04.24"]
[Round "9.6"]
[White "Schwietering, Ralf"]
[Black "Esser, Peter"]
[Result "1/2-1/2"]
[WhiteElo "1717"]
[BlackElo "1794"]
[PlyCount "38"]
[EventDate "2009.09.19"]
[EventType "team-tourn"]
[EventRounds "9"]
[EventCountry "GER"]
[SourceTitle "EXT 2011"]
[Source "ChessBase"]
[SourceDate "2010.11.26"]
[SourceVersion "1"]
[SourceVersionDate "2010.11.26"]
[SourceQuality "1"]
[WhiteTeam "Ochtrup"]
[BlackTeam "Telgte"]
[WhiteTeamCountry "GER"]
[BlackTeamCountry "GER"]

1. e4 c6 2. d4 d5 3. Nc3 dxe4 4. Nxe4 Bf5 5. Ng3 Bg6 6. h4 h6 7. h5 Bh7 8. Nf3 Nd7 9. Bd3 Bxd3 10. Qxd3 Qc7 11. Be3 Ngf6 12. 0-0-0 e6 13. Ne4 0-0-0 14. Nc3 Bd6 15. Kb1 Rhe8 16. Ne4 Bf4 17. g3 Bxe3 18. Nxf6 Nxf6 19. Qxe3 Re7 1/2-1/2

[Event "Muensterland Verbandsklasse-B 0910"]
[Site "Germany"]
[Date "2009.10.24"]
[Round "2.7"]
[White "Gaebler, Marcel"]
[Black "Schwietering, Ralf"]
[Result "1-0"]
[WhiteElo "1560"]
[BlackElo "1717"]
[PlyCount "79"]
[EventDate "2009.09.19"]
[EventType "team-tourn"]
[EventRounds "9"]
[EventCountry "GER"]
[SourceTitle "EXT 2011"]
[Source "ChessBase"]
[SourceDate "2010.11.26"]
[SourceVersion "1"]
[SourceVersionDate "2010.11.26"]
[SourceQuality "1"]
[WhiteTeam "Beelen"]
[BlackTeam "Ochtrup"]
[WhiteTeamCountry "GER"]
[BlackTeamCountry "GER"]

1. d4 d5 2. c4 Nf6 3. Nc3 e6 4. Nf3 Be7 5. cxd5 Nxd5 6. e4 Nf6 7. Bd3 0-0 8. Qc2 h6 9. e5 Nd5 10. a3 c6 11. h4 Kh8 12. Ng5 Nd7 13. Nxd5 cxd5 14. g4 Nb6 15. Nh7 Rg8 16. g5 g6 17. Nf6 Bxf6 18. gxf6 h5 19. Qd2 Qf8 20. Rg1 Bd7 21. Rg5 Qh6 22. Be2 Qh7 23. Qd1 Rac8 24. Kf1 a6 25. Kg1 Ba4 26. b3 Bb5 27. Bf3 Rc3 28. Kh2 Rd3 29. Bd2 Rxd4 30. Kh3 a5 31. a4 Ba6 32. Qe1 Rd3 33. Kg2 Rxb3 34. Rb1 Rxb1 35. Qxb1 Nc4 36. Bc1 Rc8 37. Qb3 Nxe5 38. Rxe5 Rxc1 39. Qa3 Qg8 40. Qxc1 1-0